000 00771cam a2200241 a 4500
001 4834525
005 20180112050340.0
008 910103s1991 nyu b 001 0 eng
010 _a 90029172
020 _a0517576988 :
_c$24.00 ($30.00 Can.)
040 _aDLC
_cDLC
_dDLC
041 _aeng
043 _an-us---
080 _a305.42
082 0 0 _a305.42 FAL
_220
100 1 _a20
101 _aSHP
245 1 0 _aBacklash :
_cby Susan Faludi.
504 _aIncludes bibliographical references (p. 461-542) and index.
906 _a7
_bcbc
_corignew
_d1
_eocip
_f19
_gy-gencatlg
942 _2ddc
_cBK
999 _c40194
_d40194